000 00501nam a22001697a 4500
008 160623b xxu||||| |||| 00| 0 eng d
020 _a13:978-0-07-110661-0
020 _a10: 0-07-110661-8
082 _22007
_aDC 004.68
_bP93f
100 _910393
_aPrice, Ron.
245 _aFundamentals of wireless networking/
_cRon Price.
260 _aBoston:
_bMcGraw-Hill,
_cc2007.
300 _axxv, 641 pages;
_c23 cm.
500 _aIncludes index.
650 0 _910394
_aWireless networking.
942 _2ddc
_cDC
999 _c3115
_d3115